[Event "SJRH-ch U18"]
[Site "Worms"]
[Date "2001.01.02"]
[Round "6"]
[White "Kern, Olaf"]
[Black "Mosbach, Mounir"]
[Result "1-0"]
[WhiteElo "1417"]
[BlackElo "899"]
[PlyCount "64"]
[EventDate "2001.01.02"]
[EventType "swiss"]
[EventRounds "7"]
[EventCountry "GER"]
[SourceTitle "EXT 2003"]
[Source "ChessBase"]
[SourceDate "2002.11.25"]
[SourceVersion "1"]
[SourceVersionDate "2002.11.25"]
[SourceQuality "1"]

1. e4 c5 2. Nf3 d6 3. d4 cxd4 4. Nxd4 Nf6 5. Nc3 g6 6. f3 Bg7 7. Be3 0-0 8. Be2 e6 9. Qd2 b6 10. g4 Bb7 11. 0-0-0 d5 12. exd5 Nxd5 13. h4 Nxc3 14. Qxc3 Qd5 15. Qa3 Qe5 16. Rhe1 h5 17. f4 Qe4 18. Bf3 Qxf3 19. Nxf3 Bxf3 20. Rd2 Bxg4 21. Bxb6 Nc6 22. Bc5 Rfb8 23. b3 Rb5 24. b4 a5 25. c3 e5 26. Rd6 Bf3 27. c4 Rbb8 28. b5 Nb4 29. Qxf3 Bf8 30. Bxb4 axb4 31. Ra6 Rxa6 32. bxa6 Bc5 1-0